000 00245nam a2200085Ia 4500
245 0 _aThe toy breaker
100 _a Chester, R. , 1936- Leicester, 2009 1st large print ed
_986383
942 _cBK
008 210817s9999 xx 000 0 und d
999 _c329972
_d329971